Footballers in the UEFA Euro 2024 - Statistics

General Stats
  • This quiz has been taken 113 times
  • The average score is 7 of 16
Answer Stats
Picture Hint Answer % Correct
England Harry Kane
100%
Netherlands Virgil van Dijk
97%
Germany Kai Havertz
90%
Portugal Rúben Dias
86%
Spain Nacho
79%
France Jules Koundé
77%
Denmark Yussuf Poulsen
61%
Italy Gianluca Scamacca
58%
Serbia Vanja Milinković-Savić
33%
Albania Thomas Strakosha
22%
Scotland Angus Gunn
21%
Switzerland Renato Steffen
9%
Slovakia Lukáš Haraslín
6%
Austria Marco Grüll
6%
Georgia Giorgi Loria
4%
Romania Andrei Burcă
0%
No matching quizzes found
Score Distribution
Percent of People with Each Score
Percentile by Number Answered
Your Score History
You have not taken this quiz